000 00715nam a22002057a 4500
008 170406b xxu||||| |||| 00| 0 eng d
020 _a0071100962 (pbk.)
020 _a9780071100960 (pbk.)
050 _aHD31
_b.G66 2008
100 _aGomez-Mejia, Luis R.
245 _aManagement :
_cLuis R. Gomez-Mejia, David B. Balkin, Robert L. Cardy.
_bpeople, performance, change /
250 _a3rd ed.
260 _aBoston :
_bMcGraw-Hill Irwin,
_c2008.
300 _axxxviii, 773 p. :
_bill. (chiefly col.) ;
_c29 cm.
500 _aIncludes bibliographical references and index.
650 _aManagement.
700 _aBalkin, David B.,
_d1948-
700 _aCardy, Robert L.,
_d1955-
942 _2lcc
_cBK
999 _c49854
_d49854